Literary Character Autobiographies Quiz Stats

 Plays Quiz Updated Mar 11, 2021

Support Sporcle.
Go Orange.
Score 0/20 Timer 07:00
7 Plays Today
% Correct
Willy Wonka
95.8%
Captain Ahab
93.4%
Dr. Jekyll
91.7%
Don Vito Corleone
89.8%
Charlotte
89.1%
Bagheera
87.5%
Jack Ryan
85.6%
Long John Silver
84.5%
Dr. Victor Frankenstein
83.2%
Scout Finch
76.3%
% Correct
Heathcliff
73.3%
Fitzwilliam Darcy
73.2%
Lennie Small
73%
Winston Smith
72.1%
Piggy
71%
Sam I Am
70.3%
Lady Macbeth
69.5%
Hester Prynne
63.4%
Iago
59.3%
Guy Montag
51.4%

You're not logged in!

Compare scores with friends on all Sporcle quizzes.
OR
Log In

From the Vault

Sets of Three XII

by nspyred

Two out of three ain't bad.
Remove Ads.
Support Sporcle.
Get the best of Sporcle when you Go Orange. This ad-free experience offers more features, more stats, and more fun while also helping to support Sporcle. Thank you for becoming a member.

Show Comments

Extras

Top Quizzes Today


Score Distribution

Your Account Isn't Verified!

In order to create a playlist on Sporcle, you need to verify the email address you used during registration. Go to your Sporcle Settings to finish the process.

Report this User

Report this user for behavior that violates our Community Guidelines.

Details: